Statistics for Random Africa Map Quiz

Click here to take the quiz!

General Stats

  • This quiz has been taken 280 times
  • The average score is 9 of 10

Answers on the Map

Answers color-coded by a green-red scale on the quiz's map according to % correct below.
 

Answer Stats

Answer% Correct
Algeria
100%
Burkina Faso
100%
Congo (Dem. Rep.)
100%
Ethiopia
100%
Libya
100%
Mauritania
100%
Morocco
100%
Mozambique
100%
South Africa
100%
South Sudan
100%
Tanzania
100%
Togo
100%
São Tomé and
Príncipe
96%
Angola
95%
Ghana
95%
Rwanda
95%
Cameroon
94%
Djibouti
94%
Eritrea
94%
Gabon
94%
Lesotho
94%
Liberia
94%
Madagascar
94%
Malawi
94%
Sudan
94%
Tunisia
94%
Uganda
94%
Eswatini
93%
Guinea
93%
Mauritius
93%
Egypt
92%
Nigeria
92%
Burundi
90%
Congo (Rep. of)
90%
Equatorial Guinea
90%
Mali
90%
Botswana
89%
Central African
Republic
89%
Comoros
89%
Guinea-Bissau
89%
Ivory Coast
89%
Kenya
89%
Somalia
89%
Gambia
88%
Niger
88%
Senegal
88%
Chad
87%
Seychelles
87%
Namibia
86%
Zambia
86%
Cape Verde
85%
Benin
82%
Sierra Leone
80%
Zimbabwe
80%

Score Distribution

Percentile by Number Answered

Percent of People with Each Score

Your Score History

You have not taken this quiz